000 00744nam a2200157 i 4500
001 bg
245 0 _aCybernetyzacja chemicznych procesów technologicznych :
_bIV Konferencja Naukowa, Karpacz, Bierutowice 26.09.-01.10.1977.
260 _aWrocław,
_c1977.
490 1 _aPrace Naukowe Instytutu Technologii Nieorganicznej Politechniki Wrocławskiej. Konferencje =
_aScientific Papers of the Institute of Inorganic Technology and Mineral Fertilizers of the Technical University of Wrocław. Conferences ;
_v12
830 0 _aPrace Naukowe Instytutu Technologii Nieorganicznej Politechniki Wrocławskiej.
_pKonferencje
040 _cBPK
041 _apol
080 _a546:661](061.3)
942 _cKS
008 s pl f |000 0 pol
999 _c27752
_d27752
856 _uhttp://koha.tu.koszalin.pl/cgi-bin/koha/opac-detail.pl?biblionumber=27752
_yKatalog online BPK